[Event "3rd Sharjah Masters 2019"]
[Site "Sharjah"]
[Date "2019.03.25"]
[Round "4.18"]
[White "Kunal, M.."]
[Black "Chanda, Sandipan"]
[Result "0-1"]
[WhiteElo "2258"]
[BlackElo "2534"]
[Annotator "TA"]
[PlyCount "94"]
[EventDate "2019.03.22"]
[EventType "swiss"]
[EventCountry "UAE"]
[SourceTitle "playchess.com"]
[Source "ChessBase"]
[SourceQuality "1"]

{[%evp 20,94,-47,-46,-80,-52,0,-3,0,-41,0,-23,-5,-8,-20,-162,-186,-199,-195,-219,-58,-58,-50,-85,-79,-89,-62,-50,-67,-50,-52,-48,-58,-132,-122,-132,-128,-124,-126,-125,-125,-166,-168,-156,-154,-146,0,-4,0,0,0,0,0,0,0,0,0,-155,-144,-129,-125,-435,-435,-435,-435,-435,-434,-272,-281,-819,-707,-902,-791,-1058,-1045,-947,-390]} 1. e4 c5 2. Nf3 d6 3. d4 cxd4 4. Nxd4 Nf6 5. Nc3 a6 6. Bg5 e6 7. f4 Qb6 8. Qd2 Qxb2 9. Rb1 Qa3 10. e5 h6 11. Bh4 dxe5 {B97: Sicilian Najdorf: Poisoned Pawn} 12. fxe5 g5 {And now ...Bb4 would win.} 13. Bf2 $132 {[%mdl 2048] White has counterplay} (13. exf6 gxh4 14. Be2 Qa5 15. O-O Nd7 16. Kh1 Qg5 17. Qe1 Nxf6 18. Nf3 Qg7 19. Ne5 {½-½ (35) Radjabov,T (2748)-Wojtaszek,R (2744) Shamkir 2018}) 13... Ng4 {The position is equal.} 14. Bg3 $1 {Black must now prevent h3.} Bg7 15. Bb5+ Nd7 16. Bxd7+ Bxd7 17. Rxb7 $146 {[#]} (17. Rb3 $1 $11 Qe7 18. Rxb7 Nxe5 19. Ne4) ({Predecessor:} 17. Rb3 Qa5 18. Rxb7 Nxe5 19. O-O {½-½ (47) Trifan,A (2308)-Womacka,M (2450) Arad 2018}) 17... Rd8 $1 $19 18. O-O O-O 19. Ne4 {[#]} Qe3+ $2 ({Weaker is} 19... Bxe5 20. Bxe5 Nxe5 21. Nf6+ Kh8 22. Qe2 $16) ({Resist} 19... Nxe5 20. Nf6+ Bxf6 21. Rxf6 $15) (19... Bc6 $1 $19 {[%mdl 512]} 20. Rb3 (20. Nxc6 Rxd2) 20... Qxa2) 20. Qxe3 $15 Nxe3 21. Rc1 Nc4 22. Nf3 g4 23. Rc7 Bb5 24. a4 $1 {[%cal Ra4b5]} gxf3 25. axb5 axb5 26. Nf6+ (26. Rc5 $15) 26... Bxf6 $1 $17 27. exf6 fxg2 28. Rc5 Rd2 29. Bf4 Re2 30. Rxb5 Rd8 31. Rb3 Kh7 32. Rh3 e5 (32... Kg6 $17 33. Rg3+ Kh5 34. Rxg2 Rxg2+ 35. Kxg2 e5) 33. Rxh6+ $11 Kg8 34. Bg5 Nd6 (34... e4 $5 35. Bf4 $8 Ra8 $11) 35. Rd1 Nb7 {[%cal Rd8d1]} 36. Rb1 Nc5 37. Rh4 Ne6 {Strongly threatening ...Nd4.} 38. Rg4 $2 ({Better is} 38. c3 $11) 38... Kh7 $17 {Hoping for ...Nd4.} (38... Rxc2 39. Bf4+ Kh7 40. Bxe5 $15) 39. h4 Kg6 ({Much less strong is} 39... Rxc2 40. Rxg2 Rxg2+ 41. Kxg2 $15) 40. Rxg2 $2 {[%mdl 8192]} (40. Rg3 $17 {is more resistant.}) 40... Rxg2+ $19 41. Kxg2 Nxg5 42. hxg5 Kxg5 $17 {KR-KR} 43. Kf3 Kxf6 44. Rc1 $2 (44. Rb6+ Kg5 45. Rb5) 44... Ke6 $19 {Black is clearly winning.} 45. c4 f5 46. c5 Rc8 47. Ke3 Rc6 {Accuracy: White = 39%, Black = 60%.} 0-1

[Event "3rd Sharjah Masters 2019"]
[Site "Sharjah"]
[Date "2019.03.25"]
[Round "4.19"]
[White "Deepan, Chakkravarthy J."]
[Black "Rathnakaran, K.."]
[Result "1-0"]
[WhiteElo "2534"]
[BlackElo "2361"]
[Annotator "TA"]
[PlyCount "125"]
[EventDate "2019.03.22"]
[EventType "swiss"]
[EventCountry "UAE"]
[SourceTitle "playchess.com"]
[Source "ChessBase"]
[SourceQuality "1"]

{[%evp 14,125,45,49,67,74,108,64,75,82,98,0,11,-53,-45,-49,-44,-43,30,-47,0,-47,-24,-170,-109,-177,-171,-174,-182,-240,-232,-227,-203,-278,-287,-259,-208,-207,-206,-208,-189,-213,-208,-202,-216,-224,-216,-206,-211,-191,-168,-174,-169,-169,-170,-167,-139,-139,-147,-141,-141,-173,-167,-350,-350,-352,-350,-338,-334,-457,-453,-435,-407,-906,-538,-879,-799,-664,-616,-525,-86,-87,-68,-77,-7,-8,0,0,0,0,0,0,0,0,0,0,0,0,8,8,10,0,993,837,29976,29977,29976,29978,29978,29980,29980,29981,29978,29975]} 1. e4 e6 2. d4 d5 3. Nd2 Nf6 4. e5 Nfd7 5. Bd3 c5 6. c3 Nc6 7. Ne2 Qb6 8. Nf3 a5 {C06: French Tarrasch: 3...Nf6 4 e5 Nfd7 5 Bd3 main lines} (8... cxd4 9. cxd4 f6 10. exf6 Nxf6 11. O-O Bd6 12. Bf4 Bxf4 13. Nxf4 Qxb2 14. Re1 O-O 15. Nxe6 Bxe6 16. Rxe6 Rae8 17. Rxe8 Rxe8 18. Rb1 Qxa2 19. Rxb7 Ne4 20. Bxe4 dxe4 21. Ne5 Rf8 22. Qb3+ Qxb3 23. Rxb3 Nxd4 24. Re3 {½-½ (32) Mamedov,N (2610)-Akobian,V (2628) Bursa 2010}) 9. O-O Be7 10. a3 a4 {White is slightly better.} 11. Bc2 Qa7 $146 ({Predecessor:} 11... Qa5 12. Nf4 g6 13. h4 cxd4 14. cxd4 Nb6 15. Bd3 Bd7 16. Nh3 {0-1 (41) Giannatos,P (2140)-Lowinger,D (2153) Bethesda 2014}) 12. c4 (12. Nf4 $16) 12... dxc4 $11 13. Bf4 ({White should try} 13. d5 $11 Ncxe5 14. Nf4) 13... cxd4 $15 14. Nexd4 Nxd4 15. Nxd4 g5 ({Black should play} 15... Qc5 $15) 16. Bg3 (16. Be3 $11) 16... h5 17. h3 Qc5 18. Bxa4 (18. Qd2 $1 $11) 18... h4 (18... Rxa4 $19 19. Qxa4 Qxd4) 19. Bh2 {[#]} (19. Bxd7+ $17 {is a better defense.} Bxd7 20. Bh2) 19... Rxa4 $1 $19 {[%mdl 576] Deflection} 20. Qxa4 Qxd4 21. Rac1 (21. Rfc1 $142 Qxb2 22. Qxc4) 21... b5 $1 {[%cal Rb5a4]} ({Stronger than} 21... Qxb2 22. Rxc4 O-O 23. Rxc8 $1 $11 {[%mdl 512]}) 22. Qxb5 Qd5 23. Qa4 Bb7 {[%csl Gb7][%cal Rd5g2]} 24. f3 O-O 25. Rfd1 Bc5+ 26. Kf1 Nb6 $1 {[%cal Rb6a4]} 27. Qb5 Qc6 28. Qxc6 Bxc6 29. Bg1 Bxg1 30. Kxg1 {With the idea Rd6.} Bd5 31. Rd4 Rb8 32. Rg4 Kf8 33. Rxg5 Na4 34. Rh5 Kg7 35. Rxh4 Nxb2 36. Rg4+ Kh7 {[%mdl 1024] Black has strong compensation.} 37. Rc2 Nd3 38. f4 $2 (38. Rcxc4 Bxc4 39. Rxc4) 38... Rb1+ 39. Kh2 Rb2 40. Rc3 {[#]} Nxf4 $1 {[%mdl 512]} 41. Rcg3 {Rh4+ would kill now.} (41. Rxf4 Rxg2+) 41... Rxg2+ 42. Rxg2 Nxg2 43. a4 (43. Rg3 $142 Nh4 44. Rc3) 43... c3 {( -> ...c2)} 44. Rg3 c2 45. Rc3 Ne1 46. a5 Kg6 $2 (46... Bb7 $1 $19 {has better winning chances. Strongly threatening ...Kg6.} 47. Kg3 Kg6) 47. Kg1 $17 Nf3+ 48. Kf2 {[#]} Nxe5 (48... Nd4 $1 $17 {And now ...Kf5 would win.} 49. Ke3 Nb3 50. Rxc2 Nxa5) 49. Rxc2 $11 Nc6 50. Rc5 f5 51. a6 f4 52. Rb5 Na7 53. Rc5 Nc6 54. Rb5 Na7 55. Rc5 Bc6 56. h4 Kf6 57. h5 e5 $2 {[%mdl 8192]} (57... Kg7 $11) 58. h6 $18 e4 {[#]} 59. Rh5 $1 {White mates.} e3+ 60. Ke1 Kg6 {[#]} 61. h7 $1 {[%mdl 512]} Kxh5 62. h8=Q+ Kg6 63. Qd4 {[%mdl 64] Double Attack. Accuracy: White = 44%, Black = 51%.} 1-0

[Event "3rd Sharjah Masters 2019"]
[Site "Sharjah"]
[Date "2019.03.25"]
[Round "4.20"]
[White "Omar, Noaman"]
[Black "Kuybokarov, Temur"]
[Result "1/2-1/2"]
[WhiteElo "2356"]
[BlackElo "2519"]
[Annotator "TA"]
[PlyCount "116"]
[EventDate "2019.03.22"]
[EventType "swiss"]
[EventCountry "UAE"]
[SourceTitle "playchess.com"]
[Source "ChessBase"]
[SourceQuality "1"]

{[%evp 10,116,80,63,88,60,68,73,85,64,59,29,13,6,36,24,40,-23,7,0,0,0,77,-95,93,40,137,131,131,131,131,131,129,108,120,122,131,131,131,131,149,131,131,131,131,131,131,136,143,130,130,130,131,130,130,95,130,130,130,130,130,130,137,0,129,0,114,114,114,114,114,114,128,118,125,57,57,20,117,117,117,117,117,117,117,117,117,117,117,117,117,117,117,117,117,117,117,117,117,117,117,117,117,0,117,0,117,0,117]} 1. d4 g6 2. c4 Bg7 3. e4 d6 4. Nc3 c5 5. d5 Bxc3+ 6. bxc3 Nf6 {A43: Schmid Benoni} (6... Qa5 7. Bd2 f5 8. Bd3 fxe4 9. Bxe4 Nf6 10. Bd3 Nbd7 11. Nf3 Nb6 12. O-O Bg4 13. Re1 Rf8 14. h3 Bxf3 15. Qxf3 {1-0 (29) Nikolov,M (2548)-Vezzosi,P (2369) Padova 2015}) 7. Qc2 e5 $146 ({Predecessor:} 7... O-O 8. Nf3 e6 9. Bd3 exd5 10. cxd5 Bg4 11. Nd2 Qe7 12. O-O Nbd7 13. f3 {1-0 (33) Oliveira,D (2093)-Kramskoi,V (1059) LSS email 2014}) 8. g3 Qe7 {White is better.} 9. h4 Nbd7 10. Bg5 h6 11. Bd2 Nb6 12. Bd3 Bd7 13. Qc1 (13. a4 $14) 13... Qf8 14. f3 O-O-O 15. Ne2 Ne8 (15... Ba4 $11) 16. h5 $2 {[#]} (16. a4 $1 $16) 16... g5 $2 {[#]} (16... gxh5 $1 $17 {and life is bright.} 17. a4 (17. Rxh5 f5 $11) 17... Bxa4) 17. g4 (17. Qa3 $1 $16 {[%cal Ra3a7]} Kb8 18. g4) 17... Ng7 ({Black should try} 17... f5 $1 $14 18. gxf5 (18. exf5 e4 $14) 18... Nf6) 18. Ng3 Kc7 19. Ke2 Ra8 20. Rb1 Qe7 21. Qa3 Rhb8 22. Nf1 f6 23. Ne3 Kd8 24. Rb3 Be8 25. Rhb1 Ba4 26. R3b2 Qd7 27. Be1 Nc8 28. Bf2 Ne7 29. Bc2 Bxc2 30. Nxc2 Nc8 31. Kd3 Ne8 32. Be1 b6 33. Ne3 Ne7 34. Rb3 Nc7 35. Bd2 Rb7 36. Be1 (36. Qb2 $16) 36... Rab8 (36... Rbb8 $1 $11 {remains equal.}) 37. Bd2 (37. Qb2 $16) 37... a5 (37... Ra8 $1 $11) 38. Qc1 $16 a4 39. R3b2 Ke8 40. Nc2 Nc8 41. Na3 Na7 42. Nb5 (42. Ke2 $16) 42... Naxb5 $14 43. cxb5 Ra8 (43... f5 $1 $11) 44. c4 $16 Kf7 45. Bc3 Ne8 46. Rf2 Kg8 47. Bd2 Qc8 48. Qc2 Rg7 49. Ke2 Kh8 50. Qd3 Kg8 51. Rc1 {[%cal Bb1c1,Bc1c3,Bc3a3][%mdl 32]} Kh8 52. Rc3 Kg8 53. Ra3 Kh8 54. Qc2 Rga7 55. Be3 Kg8 56. Bd2 Kh8 $1 57. Be3 Kg8 58. Bd2 Kh8 $1 {Accuracy: White = 43%, Black = 49%.} 1/2-1/2

[Event "3rd Sharjah Masters 2019"]
[Site "Sharjah"]
[Date "2019.03.25"]
[Round "4.21"]
[White "Venkatesh, M.R."]
[Black "Raghunandan, Kaumandur Srihari"]
[Result "1/2-1/2"]
[WhiteElo "2517"]
[BlackElo "2352"]
[Annotator "TA"]
[PlyCount "96"]
[EventDate "2019.03.22"]
[EventType "swiss"]
[EventCountry "UAE"]
[SourceTitle "playchess.com"]
[Source "ChessBase"]
[SourceQuality "1"]

{[%evp 11,96,21,33,21,26,17,22,16,11,13,13,15,20,15,24,31,48,38,58,33,34,0,0,-3,0,0,0,-21,-35,-37,-37,-53,-52,-43,-37,-31,0,0,0,0,0,0,0,-58,-66,-59,-43,-49,-55,-44,-45,-45,-41,-51,-47,-77,-77,-67,-74,-102,-94,-93,-84,-102,-103,-102,-96,-83,-66,-75,-59,-66,-61,-65,-65,-106,-102,-116,-8,-8,-8,-8,-8,-8,-2,-6,0]} 1. e4 g6 2. d4 Bg7 3. Nc3 d6 4. Bg5 a6 5. Qd2 b5 6. f3 {B06: Modern Defence} Nd7 {LiveBook: 5 Games} 7. a4 b4 8. Nd5 {White has an edge.} a5 9. c3 c6 10. Ne3 Ngf6 11. Bd3 O-O 12. Ne2 Ba6 $146 ({Predecessor:} 12... Rb8 13. O-O h6 {1-0 (42) Burg,T (2508)-De Wit,T (2330) Erice 2014}) 13. O-O c5 14. Bxa6 Rxa6 15. Qd3 Qa8 16. Bxf6 Nxf6 17. e5 dxe5 18. dxe5 Rd8 19. Qc4 (19. Qc2 {looks sharper.} Nd5 20. Nxd5 Rxd5 21. f4 f6 22. Ng3) 19... Nd5 20. Nxd5 Rxd5 21. e6 fxe6 22. Nf4 Rdd6 23. Rfe1 {[%cal Rf4e6]} Qf8 24. Re4 {[%cal Rc3b4]} Qf7 25. Nd3 Qf5 26. Rae1 $1 ({Don't go for} 26. Nxc5 $2 Rac6 $19) 26... Qd5 27. Nf4 (27. Qb5 $1 $11 Qa8 28. Ne5 (28. Nxc5 Rab6 $11)) 27... Qxc4 $15 28. Rxc4 Kf7 29. Kf1 bxc3 30. bxc3 Rab6 31. Rxc5 Rdc6 $36 {[%mdl 2048] Black has some pressure.} 32. Rxc6 Rxc6 {[%mdl 4096] Endgame KRB-KRN} 33. Ne2 Rc4 34. Ra1 e5 35. Ra3 e4 36. fxe4 Rxe4 37. Kf2 Ke6 38. Kf3 Rc4 39. Ke3 Be5 40. h3 g5 41. Kd3 Kd5 42. Ra1 Bf6 43. Ra2 h5 44. Ra3 g4 (44... h4 $17 45. Ra1 Re4) 45. Rb3 $11 {The position is equal.} Rxa4 {aiming for ...gxh3.} 46. Rb5+ Kc6 47. Rxh5 gxh3 48. gxh3 Kd6 {Precision: White = 53%, Black = 65%.} 1/2-1/2

[Event "3rd Sharjah Masters 2019"]
[Site "Sharjah"]
[Date "2019.03.25"]
[Round "4.22"]
[White "Arencibia Rodriguez, Walter"]
[Black "Shailesh, Dravid"]
[Result "0-1"]
[WhiteElo "2506"]
[BlackElo "2316"]
[Annotator "TA"]
[PlyCount "58"]
[EventDate "2019.03.22"]
[EventType "swiss"]
[EventCountry "UAE"]
[SourceTitle "playchess.com"]
[Source "ChessBase"]
[SourceQuality "1"]

{[%evp 16,58,50,37,56,31,55,12,14,-19,27,22,35,39,35,0,-23,-49,-56,-54,-58,-53,-47,-47,-39,-72,-71,-62,-65,-102,-86,-93,-85,-68,-70,-264,-248,-266,-246,-316,-329,-434,-422,-413,-381]} 1. Nf3 Nf6 2. g3 g6 3. b3 Bg7 4. Bb2 O-O 5. Bg2 c5 6. c4 Nc6 7. O-O d6 8. d4 Ne4 9. e3 f5 {E60: King's Indian: Unusual lines and Fianchetto Variation without Nc3} 10. Qe2 (10. Nbd2 e5 11. dxe5 Nxd2 12. Qxd2 dxe5 13. Qd5+ Qxd5 14. cxd5 Nb4 15. Nxe5 Re8 16. Nc4 Bxb2 17. Nxb2 b6 18. a3 {1-0 (38) Wojtaszek,R (2736)-Sadzikowski,D (2584) Katowice 2017}) 10... cxd4 $146 ({Predecessor:} 10... e6 11. Rd1 Qe7 12. Nc3 Nxc3 13. Bxc3 b6 14. Rac1 Bb7 15. d5 exd5 16. Bxg7 Qxg7 17. cxd5 {1-0 (49) Certic,B (2404)-Arsenovic,M (2166) Belgrade 2012}) 11. exd4 e5 {[%cal Re5d4] The position is equal.} 12. d5 Nd4 13. Nxd4 exd4 14. Qd3 $1 Qf6 15. Na3 (15. Rd1 $14) 15... Nc3 $11 16. Bxc3 dxc3 17. Nb5 f4 $1 $36 {[%mdl 2048] White is under pressure.} 18. Nc7 Bf5 19. Be4 {Bxf5 is the strong threat.} Bh3 20. Rfe1 fxg3 21. Qxg3 Rac8 22. Ne6 Bxe6 23. dxe6 Qe7 24. f4 b5 25. cxb5 $2 ({White should play} 25. Qg5 $15 Qxg5+ 26. fxg5) 25... c2 $1 $19 ({Weaker is} 25... Qxe6 26. Bb7 $15) 26. Rac1 {[#]} d5 $1 {[%cal Rd5e4]} ({Stronger than} 26... Qxe6 27. Bc6 $11) 27. Bd3 {[#]} Bb2 $1 28. Qe3 Bxc1 29. Rxc1 Rf6 {Accuracy: White = 32%, Black = 80%.} 0-1

[Event "3rd Sharjah Masters 2019"]
[Site "Sharjah"]
[Date "2019.03.25"]
[Round "4.23"]
[White "Bharath Subramaniyam H"]
[Black "Harsha, Bharathakoti"]
[Result "1/2-1/2"]
[WhiteElo "2301"]
[BlackElo "2497"]
[Annotator "TA"]
[PlyCount "114"]
[EventDate "2019.03.22"]
[EventType "swiss"]
[EventCountry "UAE"]
[SourceTitle "playchess.com"]
[Source "ChessBase"]
[SourceQuality "1"]

{[%evp 19,114,0,0,0,0,0,0,-19,0,0,0,-22,-10,-12,-14,-21,-16,-31,-14,-8,-16,-27,-22,-32,-13,-24,-14,-23,0,0,0,-6,0,0,0,0,0,0,0,0,0,0,14,14,19,0,0,0,20,0,0,0,0,0,0,-17,-4,-4,-4,-5,-8,-106,-23,-16,0,-92,-95,-87,-14,-8,-8,-8,-8,-23,-32,-76,-70,-138,-119,-109,-8,-27,0,0,0,0,0,0,0,0,0,0,0,0,0,-606,-490]} 1. e4 e6 2. d4 d5 3. Nc3 Bb4 4. exd5 exd5 5. Bd3 Nc6 6. a3 Bxc3+ 7. bxc3 Nge7 8. Ne2 Bf5 9. Rb1 b6 10. O-O O-O 11. Ng3 {C01: French: Exchange Variation} (11. c4 dxc4 12. Bxc4 Na5 13. Bd3 Qd7 14. Rb5 c6 15. Re5 Bxd3 16. Qxd3 Ng6 17. Rh5 Rfe8 18. Nf4 Rad8 19. Nxg6 fxg6 20. Rh4 Qf5 21. Qa6 {½-½ (21) Biolek,R (2458)-Hrabusa,M (2392) Olomouc 2018}) 11... Bxd3 12. cxd3 Qd7 13. Bf4 $146 {The position is equal.} ({Predecessor:} 13. Qf3 f6 14. Rb2 Rfe8 {1-0 (47) Huse,S (2029)-Sundsbo,S (1799) Oslo 2018}) 13... Rae8 14. Qf3 Ng6 15. Nh5 {Black must now prevent Bh6!} Nxf4 16. Nxf4 Ne7 17. Rfe1 c6 18. Nh5 Qf5 19. Qxf5 Nxf5 20. Ng3 Nd6 21. Kf1 f6 22. Rbc1 Rxe1+ 23. Kxe1 $11 {[%mdl 4096] Endgame KRN-KRN} f5 24. f4 Kf7 25. Nf1 Re8+ 26. Kf2 c5 27. dxc5 bxc5 28. Ne3 c4 29. dxc4 dxc4 30. Rd1 Ke6 31. Rd5 g6 32. Re5+ Kf7 33. Rd5 Ke6 34. Re5+ Kf7 35. Rd5 Ne4+ 36. Kf3 Nxc3 37. Rd4 (37. Ra5 {keeps more tension.} Re4 38. a4 Rd4 39. Rxa7+ Ke6 40. Rxh7 Rd3 41. Kf2) 37... Re4 38. Rxc4 Rxc4 39. Nxc4 {KN-KN} Ke6 40. Ke3 (40. g4 $11 {keeps the balance.}) 40... Nd5+ (40... Kd5 $1 $17 {[%cal Rd5c4]} 41. Kd3 Nd1) 41. Kf3 Nc3 ({Better is} 41... Kd7 $11) 42. Ke3 $17 Kd5 $1 {[%cal Rd5c4]} 43. Kd3 Ne4 ({Black should play} 43... Nd1 $17 44. Ne5 g5) 44. Ne3+ $11 Kc5 45. Nd1 a5 46. Nb2 Nf2+ 47. Ke2 {[#]} Ng4 $1 48. h3 (48. Kd3 $15) 48... Nf6 $17 49. Kd3 {[#]} Nd5 (49... Nh5 $1 $17 {[%cal Rh5f4]} 50. Ke3 Kd5) 50. Na4+ $11 Kb5 (50... Kc6 {feels hotter.} 51. g3 Nf6 52. Nc3 Nh5 53. Ne2 Kc5) 51. Nc3+ Nxc3 52. Kxc3 {KP-KP} Ka4 53. Kb2 h6 54. h4 h5 55. g3 Kb5 56. Kb3 a4+ 57. Kc3 $2 {[%mdl 8192]} (57. Kb2 $11) 57... Kc5 {[%mdl 32768] Accuracy: White = 62%, Black = 41%. . An unexpected result.} 1/2-1/2

[Event "3rd Sharjah Masters 2019"]
[Site "Sharjah"]
[Date "2019.03.25"]
[Round "4.24"]
[White "Ajay Karthikeyan"]
[Black "Karthik, Venkataraman"]
[Result "1/2-1/2"]
[WhiteElo "2298"]
[BlackElo "2494"]
[Annotator "TA"]
[PlyCount "143"]
[EventDate "2019.03.22"]
[EventType "swiss"]
[EventCountry "UAE"]
[SourceTitle "playchess.com"]
[Source "ChessBase"]
[SourceQuality "1"]

{[%evp 9,143,33,45,38,44,15,7,0,8,-9,0,0,11,0,0,0,0,0,48,39,42,22,52,50,56,53,93,65,85,51,85,0,0,0,8,0,84,60,157,151,118,13,37,13,18,0,36,27,43,50,85,0,0,0,0,0,0,0,0,0,0,0,0,0,0,0,0,0,0,0,0,0,0,0,0,0,71,48,79,0,0,0,0,0,0,0,0,0,0,0,0,0,0,0,0,0,0,0,0,0,0,0,0,0,0,0,0,0,0,0,0,0,0,0,0,0,0,0,0,0,0,0,0,0,0,0,0,0,0,0,0,0,0,0,0,0]} 1. d4 g6 2. e4 Bg7 3. Nc3 d6 4. Nf3 a6 5. a4 Nf6 6. Bf4 {B06: Modern Defence} (6. Be2 O-O 7. O-O Nc6 8. h3 e5 9. d5 Ne7 10. a5 Nh5 11. Re1 h6 12. Bf1 Nf4 13. Ra3 g5 14. Ne2 Neg6 15. Ng3 Ne7 16. c4 f5 {1-0 (54) Matlakov,M (2694)-Mamedov,R (2688) Tallinn 2016}) 6... Nc6 7. h3 O-O 8. d5 e5 $146 ({Predecessor:} 8... Nb8 9. Bc4 e5 10. dxe6 Bxe6 11. Bxe6 fxe6 12. Qd2 Nbd7 13. O-O Nh5 14. Bg5 {1-0 (45) Mitscherling,A (2173)-Hoefer,F Germany 2017}) 9. Be3 (9. dxc6 exf4 10. Bc4 bxc6 $17) 9... Ne7 10. Bc4 Nh5 11. g4 Nf4 12. Bxf4 exf4 13. Qd2 $36 {[%mdl 2048] White is more active.} f5 14. gxf5 Kh8 15. O-O-O (15. Qxf4 gxf5 16. O-O-O Ng6 $15) 15... gxf5 16. Rhg1 b5 17. Bd3 Qe8 18. Rxg7 (18. axb5 $6 axb5 19. Kb1 (19. Qxf4 b4 $17) 19... fxe4 $11) (18. Qxf4 $6 Ng6 $15) 18... Kxg7 19. Rg1+ (19. Qxf4 fxe4 20. Qxe4 Ng6 $15) (19. axb5 $6 axb5 20. Rg1+ Kh8 $11) 19... Ng6 20. Ng5 (20. Nd4 $16 {[%cal Re4f5]} fxe4 21. Nxe4) 20... Kh8 $11 (20... bxa4 $6 21. exf5 Rxf5 22. h4 $16 (22. Bxf5 Bxf5 23. h4 Kh8 $16)) 21. Ne2 $1 Qe7 22. Nd4 {[%cal Re4f5]} Ne5 (22... fxe4 $1 $11 23. Bxe4 Rg8) 23. exf5 $16 Rg8 (23... Qf6 $14) 24. Qxf4 Qf6 {[#]} 25. h4 ({Better is} 25. Rg3 $1 $16) 25... bxa4 26. Nde6 Rb8 27. Qd4 h6 {White must now prevent ...Bxe6.} (27... Bxe6 $5 28. fxe6 Rgf8 $11) 28. Kb1 Bxe6 29. fxe6 Rbf8 {Threatening ...Rg7.} ({Not} 29... hxg5 $2 30. hxg5 Qh6 31. gxh6 $18) 30. Nf7+ ({White should try} 30. Rg2 $16 Rg7 {[%mdl 64] Pin} 31. Ne4 Qxh4 32. Rxg7 Kxg7 33. Qc3 (33. Qxa4 Rf4 $11) (33. Bxa6 a3 $15)) 30... Qxf7 $1 $11 31. exf7 Rxg1+ 32. Ka2 Rxf7 33. h5 Rg4 34. Qe3 Kg7 35. Be2 Rgf4 36. Qg3+ Kf8 37. Bxa6 Rxf2 38. Qe3 Kg7 39. Qg3+ Kh8 40. Qe3 Kg7 41. Qg3+ Kf8 42. Qe3 R2f6 {[#]} (42... R2f4 $11 {remains equal.}) 43. Bc8 $1 $16 {[%mdl 1024] White has strong compensation.} Nd7 44. Ba6 (44. Bxd7 $16 Rxd7 45. Ka3) 44... Nc5 {The position is equal.} 45. Bb5 Re7 $1 {[%cal Re7e3]} 46. Qd4 Re5 47. Bxa4 Nxa4 48. Qxa4 Rxh5 $11 {[%mdl 4096] Endgame KQ-KRR} 49. Qd7 Rf7 50. Qc8+ Kg7 51. c4 Rg5 52. Ka3 Rg3+ 53. Kb4 h5 54. Qd8 Rg4 55. Qc8 Rgf4 56. Kb5 h4 57. b4 R4f5 {And now ...h3 would win.} 58. Qd8 Rh5 {Strongly threatening ...h3.} 59. Qc8 Kh7 60. Qg4 Rh6 {aiming for ...h3.} 61. Qh3 Rh5 62. Kc6 Rg7 63. c5 Rg3 64. Qd7+ Rg7 65. Qh3 Rg3 66. Qd7+ Kh6 67. Qe6+ Rg6 {Hoping for ...dxc5.} 68. Qe3+ Kh7 69. Qe7+ Kh6 70. Qe3+ Kh7 71. Qe7+ Kh6 72. Qe3+ {Accuracy: White = 68%, Black = 49%.} 1/2-1/2

[Event "3rd Sharjah Masters 2019"]
[Site "Sharjah"]
[Date "2019.03.25"]
[Round "4.25"]
[White "Priyanka Nutakki"]
[Black "Nigmatov, Ortik"]
[Result "0-1"]
[WhiteElo "2297"]
[BlackElo "2478"]
[Annotator "TA"]
[PlyCount "110"]
[EventDate "2019.03.22"]
[EventType "swiss"]
[EventCountry "UAE"]
[SourceTitle "playchess.com"]
[Source "ChessBase"]
[SourceQuality "1"]

{[%evp 18,110,31,27,45,29,31,34,43,25,35,-18,-10,-14,0,-54,0,0,0,0,0,-17,-19,-23,-9,-45,-41,-34,-33,-64,-33,-41,-30,-72,-79,-98,-107,-102,-100,-100,-98,-112,-89,-114,-96,-100,-100,-114,-114,-108,-112,-113,-90,-157,-184,-133,-86,-87,-70,-262,-215,-526,-518,-477,-488,-452,-393,-544,-778,-768,-727,-599,-693,-660,-563,-6079,-5314,-2895,-2766,-29979,-29980,-29980,-29980,-29984,-29985,-29987,-29987,-29987,-29988,-29990,-29990,-29990,-29991,-29991,-29992]} 1. c4 Nf6 2. Nc3 g6 3. e4 d6 4. g3 Bg7 5. Bg2 O-O 6. Nge2 c5 7. O-O Nc6 8. d3 Ne8 9. Be3 Nd4 10. Qd2 a6 {A36: Symmetrical English vs ...g6: 4 Bg2 Bg7} (10... Nc7 11. Bh6 Bxh6 12. Qxh6 e5 13. f4 Bg4 14. Rae1 Nc2 15. Rc1 Nd4 16. Nxd4 cxd4 17. Nd1 Bxd1 18. Rcxd1 {½-½ (53) Medvegy,Z (2539)-Gledura,B (2613) Budapest 2017}) 11. Bh6 Rb8 12. Bxg7 Nxg7 {White is slightly better.} 13. Nxd4 cxd4 14. Ne2 (14. Nd5 $14) 14... e5 $11 15. b4 b5 $146 16. Rfc1 (16. c5 $11) 16... Bb7 (16... bxc4 $1 $15 17. Rxc4 Qb6) 17. c5 $1 {[%cal Rc5c6] c6 is the strong threat.} dxc5 18. Rxc5 Ne6 19. Rcc1 f5 20. f3 Qd6 21. a3 Rf7 22. Rf1 Rbf8 23. Rac1 Kg7 24. Rce1 h5 25. Nc1 f4 26. Ne2 g5 {[%cal Bg6g5,Bg5g4][%mdl 32]} 27. gxf4 exf4 28. Kh1 g4 29. Rc1 Qe5 30. Qb2 Kh7 31. Ng1 Qg5 32. Qa2 Re7 33. Qd2 Qh4 34. Rc2 Bc8 35. Qe1 {[#]} (35. Rc6 $142) 35... g3 $1 $17 {[%csl Gg3][%cal Rh4h2]} 36. Bh3 Ng5 37. Bxc8 Rxc8 38. Qd2 $2 (38. Rg2 $1 $15) 38... Rec7 $40 {[%mdl 128] Black goes for the king.} 39. Rfc1 $2 {[#]} (39. Rxc7+ {is tougher.} Rxc7 40. Qa2) 39... Rc3 $1 $19 {[%mdl 512]} 40. Rxc3 Rxc3 ({Less strong is} 40... dxc3 41. Qg2 $17) 41. Rc2 Kh6 42. Qd1 {Now Rg2 and White clings on.} Nh3 43. Nxh3 Qxh3 {[%mdl 4096] Endgame KQR-KQR} 44. Rg2 h4 45. Qd2 Kg5 46. Qf2 Rc1+ 47. Rg1 Kh5 48. Qe2 Rxg1+ {Black mates.} 49. Kxg1 {[#]} gxh2+ $1 {[%mdl 64] Overworked Piece} 50. Qxh2 Qxf3 {KQ-KQ} 51. Qc2 Qg3+ 52. Kh1 h3 53. Qc5+ Kg4 {[%csl Gh3][%cal Rg3g2]} 54. Qc2 Qe1+ 55. Kh2 Kf3 {Accuracy: White = 46%, Black = 69%.} 0-1